| 000 | 00822nam a2200229Ia 4500 | ||
|---|---|---|---|
| 003 | GCL | ||
| 008 | 140319s9999 xx 000 0 ara d | ||
| 020 | _a1 52132421 0 | ||
| 040 |
_aGCL / _cGCL |
||
| 082 | 0 | 4 |
_a923.1 _bو ع |
| 100 | 1 | _aولسن، مارى | |
| 245 | 1 | 0 |
_aعبدالله وشرق الأردن بين بريطانيا والحركة الصهيونية / _cولسن، مارى |
| 260 |
_aبيروت : _bشركة قدمس للنشر والتوزيع ، _c2003 |
||
| 300 |
_a455 ص ؛ _c24 سم |
||
| 650 | 0 | 4 | _aالنزاع العربى الاسرائيلى |
| 650 | 0 | 4 | _aالصهيونية |
| 650 | 0 | 4 | _aالملوك والحكام - تراجم |
| 650 | 0 | 4 | _aالاردن - تاريخ ونقد |
| 650 | 0 | 4 | _aالملك عبدالله |
| 650 | 0 | 4 | _aالحركة الصهيونية |
| 942 |
_2ddc _cBK |
||
| 999 |
_c6419 _d6419 |
||